000 00405 a2200145 4500
999 _c3474
_d3474
020 _a0521785138
050 _aQA 39.2 OLI 2000
100 _aOlive, Jenny
_eauthor
245 _aMaths :
_ba self - study guide
_cJenny Olive
264 _aNew York :
_bCambridge University Press
_c2000
300 _axii, 564p. :
_bill.
500 _aIncludes index
650 _aMathematics
942 _2lcc
_cBK
_h39.2
_iOLI
_kQA